01189nam a2200313Ia 4500008004100000040001800041041000800059245009300067260009500160300001800255490008800273504003800361650003300399650003300432650006200465700002200527700002800549700003900577700002900616700002500645700002100670700002300691700002500714700002200739700002200761700002300783700002900806700004000835130821s2001 ag gr spa  aCo-BoUCMbspa00aspa10aHumanismo ambiental Terceras jornadas de reflexióncZlata Drnas de Clement...[et al.] aArgentina (América)bAcademia Nacional de Derecho y Ciencias Sociales de Córdobac2001 a162 páginas aEdiciones de la Academia Nacional de Derecho y Ciencias Sociales de CórdobavXXVI aIncluye bibliografía e índice04aControl ambientalzArgentina04aDerecho ambientalzArgentina04aProtección del medio ambientexLegislaciónzArgentina aFrías J., Pedro aGilleta, Francísco I. aGonzález Arzac, Felipe Agustín aMartínez Golleti, Luis aMartínez Victor H. aMartinoli, Jorge aPedace, Eduardo A. aPigretti, Eduardo A. aRey Caro, Ernesto aSabsay, Daniel A, aSalas, Gabriela R. aWilliams, Silvia Maureen aZeballos de Sisto, María Cristina